Bilingüismo y biculturalísmo.

Furkejuvvon:
Bibliográfalaš dieđut
Váldodahkki: Atucha Zamoalla, Karmele (autor)
Materiálatiipa: Girji
Giella:espánnjágiella
Fáttát:
Fáddágilkorat: Lasit fáddágilkoriid
Eai fáddágilkorat, Lasit vuosttaš fáddágilkora!

MARC

LEADER 00000cam^a2200000uu^4500
001 000457852
005 20250521000000.0
008 050901s1978^^^^^^^^^^^^rd^r^^000^0^spa^d
009 20260310124054.851
022 |a 8432993085 
035 |a FCE 000000296 
035 |a FCE 000297 
037 |a Acervo ITESO - Biblioteca 
041 |a spa 
082 0 4 |a 461.946  |b ATUb 
100 |a Atucha Zamoalla, Karmele  |e (autor) 
245 1 0 |a Bilingüismo y biculturalísmo. 
264 |a Barcelona :  |b CEAc,  |c 1978. 
300 |a 306 p. 
336 |a texto  |b txt  |2 rdacontenido 
337 |a sin mediación  |b n  |2 rdamedio 
338 |a volumen  |b nc  |2 rdasoporte 
649 |a XX 
650 |a Comunicación social 
650 |a Lenguaje 
650 |a Educación bilingüe 
650 |a Aculturación 
650 |a Bilingüísmo 
650 |a España 
910 |a Fondo Centro de Estudios Educativos 
920 |a Impresos - Libros 
930 |a Fondos Especiales 
905 |a 133 
901 |a ALE000297  |b IT2  |c CEE  |u 20250521 
902 |a https://opac.biblio.iteso.mx/vufind/Record/000457852